| 000 | 00714nam a2200253Ia 4500 | ||
|---|---|---|---|
| 003 | OSt | ||
| 005 | 20220927104126.0 | ||
| 006 | a|||||r|||| 00| 0 | ||
| 007 | ta | ||
| 008 | 220926b |||||||| |||| 00| 0 eng d | ||
| 024 | _a113285 | ||
| 037 | _cReference Collections | ||
| 040 |
_aRTL _cRTL _beng |
||
| 041 |
_2eng _aeng |
||
| 082 | _a"Y73f1,N8, M9/RR" | ||
| 100 |
_aPrice David H _9364527 |
||
| 245 | 0 |
_aATLAS OF WORLD cultures _b A geographical guide to e |
|
| 260 |
_aLondon _bSage _c1989 |
||
| 300 |
_a156p _ccm. |
||
| 500 | _aBibliography: P 99-125 | ||
| 650 |
_aEthnology _9364528 |
||
| 942 |
_h"Y73f1,N8, M9/RR" _cCC |
||
| 999 |
_c686274 _d686274 |
||